[Event "TUN-ch"]
[Site "Hammamet"]
[Date "2013.03.21"]
[Round "8"]
[White "Boussama, Hmida"]
[Black "Smaili, Rabeh"]
[Result "0-1"]
[WhiteElo "1836"]
[BlackElo "1946"]
[PlyCount "62"]
[EventDate "2013.03.16"]
[EventType "swiss"]
[EventRounds "9"]
[EventCountry "TUN"]
[SourceTitle "CBM 153 Extra"]
[Source "ChessBase"]
[SourceDate "2013.04.22"]
[SourceVersion "1"]
[SourceVersionDate "2013.04.22"]
[SourceQuality "1"]

1. e4 e5 2. Nf3 Nc6 3. Nc3 Nf6 4. Bc4 Nxe4 5. Bxf7+ Kxf7 6. Nxe4 d5 7. Neg5+ Kg8 8. d4 h6 9. Nh3 Bg4 10. dxe5 Nxe5 11. Nhg1 Qd6 12. Be3 Re8 13. c3 Nc4 14. Qe2 Qf6 15. 0-0-0 c6 16. Qd3 Nxe3 17. fxe3 Bc5 18. Re1 Bf5 19. Qd2 a5 20. Nd4 Bh7 21. Ngf3 a4 22. h3 Qg6 23. Nc2 Rxe3 24. Nfd4 Re4 25. Rxe4 dxe4 26. Ne3 Qf7 27. b4 axb3 28. axb3 Ba3+ 29. Kb1 Bg6 30. b4 c5 31. Rf1 Qxf1+ 0-1